[Event "Bretagne jeunes 2009"]
[Site "?"]
[Date "2009.02.10"]
[Round "1.6"]
[White "Ghafoury, Alexandre"]
[Black "Catherine, Pierre-Emmanuel"]
[Result "1-0"]
[WhiteElo "1500"]
[BlackElo "1710"]
[PlyCount "65"]

1. e4 c5 2. Nf3 Nc6 3. d4 cxd4 4. Nxd4 e5 5. Nb5 d6 6. N1c3 a6 7. Na3 b5 8. Nd5
Nge7 9. c3 Be6 10. Be2 Ng6 11. O-O Be7 12. Be3 Rb8 13. Nc2 O-O 14. Ndb4 Nxb4
15. Nxb4 Qc8 16. a4 Bc4 17. Bxc4 bxc4 18. Nd5 Rxb2 19. Nxe7+ Nxe7 20. Qxd6 Ng6
21. Rfd1 Qb7 22. Qd5 Qxd5 23. exd5 Ne7 24. Bc5 Re8 25. d6 Nc6 26. d7 Reb8 27.
Bd6 Ra8 28. Bxe5 f6 29. Bc7 Nd8 30. Re1 Ra7 31. Re8+ Kf7 32. Rxd8 Rxc7 33. Rf8+
1-0

[Event "Bretagne jeunes 2009"]
[Site "?"]
[Date "2009.02.10"]
[Round "1.3"]
[White "Aubry, Milène"]
[Black "Cocset, Ella"]
[Result "1-0"]
[WhiteElo "1280"]
[BlackElo "1140"]
[PlyCount "67"]
[EventDate "2009.02.10"]
[SourceDate "2009.02.10"]

1. d4 d5 2. c4 Nf6 3. Nc3 (3. cxd5 Nxd5 4. Nf3) 3... e6 4. Nf3 Nc6 5. Bg5 g6 6.
e3 Bg7 7. Be2 O-O 8. Rc1 Qd6 9. O-O a6 10. c5 Qe7 11. Bd3 e5 12. Be2 (12. Nxd5)
12... e4 13. Nd2 Bf5 14. Qb3 (14. Nxd5) 14... b5 15. Nxd5 Qe6 16. Nxc7 Qxb3 17.
Nxb3 Ra7 18. Bxf6 Bxf6 19. Nd5 Bg7 20. Nd2 Rd7 21. Nc3 Re8 22. f3 Be5 23. Ndxe4
Nxd4 24. exd4 Bxd4+ 25. Kh1 Be3 26. Nf6+ Kf8 27. Nxd7+ Bxd7 28. Rcd1 b4 29. Nd5
Bc6 30. Nxe3 Rxe3 31. Bc4 Ba4 32. b3 Bc6 33. Rfe1 Rxe1+ 34. Rxe1 1-0

[Event "Bretagne jeunes 2009"]
[Site "?"]
[Date "2009.02.10"]
[Round "1.2"]
[White "Cogan, Guillaume"]
[Black "Aubry, Yannis"]
[Result "0-1"]
[WhiteElo "1620"]
[BlackElo "1930"]
[PlyCount "68"]
[EventDate "2009.02.10"]
[SourceDate "2009.02.10"]

1. d4 Nf6 2. c4 g6 3. Nc3 Bg7 4. e4 d6 5. Nf3 O-O 6. Be3 e5 7. d5 Nfd7 8. Bd3
a5 9. O-O f5 10. exf5 gxf5 11. Ng5 Nc5 12. Bxc5 Qxg5 13. Be3 f4 14. Bd2 Bg4 15.
f3 Bd7 16. Qc2 Qh5 17. a3 Na6 18. Ne4 a4 19. c5 Nxc5 20. Nxc5 dxc5 21. Qxc5 c6
22. Bc4 Kh8 23. Qe7 Bf5 24. Qxb7 Rab8 25. Qxc6 Rf6 26. Qxa4 Rh6 27. h3 e4 28.
Bxf4 Bd4+ 29. Rf2 Rg8 30. Bxh6 Qxf3 31. g4 Bxf2+ 32. Kf1 Bg3+ 33. Kg1 Qf2+ 34.
Kh1 Qh2# 0-1

[Event "Bretagne jeunes 2009"]
[Site "?"]
[Date "2009.02.10"]
[Round "1.6"]
[White "Demellier, Antonin"]
[Black "Guena, Clement"]
[Result "0-1"]
[WhiteElo "1420"]
[BlackElo "1726"]
[PlyCount "96"]

1. e4 e5 2. Nf3 Nc6 3. d4 exd4 4. Bc4 Nf6 5. e5 d5 6. Bb5 Bb4+ 7. c3 dxc3 8.
bxc3 Ba5 9. exf6 Qxf6 10. O-O O-O 11. Qxd5 Be6 12. Qg5 Bxc3 13. Nxc3 Qxc3 14.
Rb1 f6 15. Qe3 Qxe3 16. Bxe3 Bxa2 17. Ra1 Bd5 18. Bxc6 Bxc6 19. Nd4 Bd7 20.
Rfc1 Rfc8 21. Rab1 c5 22. Ne2 b6 23. Kf1 Rcb8 24. Bxc5 bxc5 25. Rxb8+ Rxb8 26.
Rxc5 Rb1+ 27. Rc1 Rxc1+ 28. Nxc1 a5 29. Nb3 a4 30. Nd2 a3 31. Nb3 Be6 32. Na1
Kf7 33. Ke2 Bd5 34. g3 Ke6 35. Ke3 Kf5 36. h4 Kg4 37. Nc2 a2 38. Na1 g5 39.
hxg5 fxg5 40. Ke2 h5 41. Kf1 h4 42. gxh4 gxh4 43. Kg1 Kf3 44. Nc2 Ke2 45. f4
Kd2 46. Na1 Kc1 47. f5 Kb2 48. f6 Kxa1 0-1

[Event "Bretagne jeunes 2009"]
[Site "?"]
[Date "2009.02.11"]
[Round "2.4"]
[White "Louedec, Rémy"]
[Black "Ghafoury, Alexandre"]
[Result "1-0"]
[WhiteElo "1670"]
[BlackElo "1500"]
[PlyCount "85"]
[EventDate "2009.02.11"]
[SourceDate "2009.02.11"]

1. e4 e5 2. Nf3 Nc6 3. Nc3 Nf6 4. h3 Be7 5. Bc4 d6 6. d3 O-O 7. Ng5 d5 8. Nxd5
Nxd5 9. exd5 Bxg5 10. dxc6 bxc6 11. Qf3 Rb8 12. Qxc6 Bb7 13. Qc5 Bxg2 14. Rg1
Bxc1 15. Rxc1 Bxh3 16. Kd2 Qd4 17. Qxd4 exd4 18. b3 Be6 19. Rb1 Bxc4 20. bxc4
h5 21. Ke2 h4 22. Kf3 f6 23. Kg4 g5 24. f4 Kh7 25. fxg5 fxg5 26. Kxg5 Rg8+ (
26... Rxb1 27. Rxb1 h3 28. Rh1 Rf2 29. Rxh3+ Kg7) 27. Kxh4 Rge8 28. Rxb8 Rxb8
29. a3 Rb2 30. Rg2 Ra2 31. Kg5 Rxa3 32. Kf6 Ra6+ 33. Ke5 Rd6 34. Rg4 a5 35.
Rxd4 a4 36. Rxd6 cxd6+ 37. Kd4 Kg7 38. Kc3 Kf7 39. Kb4 Ke7 40. Kxa4 Kd7 41. Kb5
Kc7 42. c5 dxc5 43. Kxc5 1-0

[Event "Bretagne jeunes 2009"]
[Site "?"]
[Date "2009.02.11"]
[Round "2.1"]
[White "Aubry, Yannis"]
[Black "Le Quillec, Nicolas"]
[Result "1-0"]
[WhiteElo "1930"]
[BlackElo "1730"]
[PlyCount "47"]
[EventDate "2009.02.11"]
[SourceDate "2009.02.11"]

1. d4 d5 2. Nf3 Nf6 3. e3 e6 4. Bd3 Nbd7 5. Nbd2 c5 6. c3 cxd4 7. exd4 Bd6 8.
O-O O-O 9. Re1 Qc7 10. Nf1 b6 11. Ng3 h6 12. Qe2 Re8 13. Ne5 a6 14. f4 Be7 15.
Nh5 Bb7 16. Nxf7 Rf8 17. Ne5 Nxe5 18. fxe5 Nxh5 19. Qxh5 Qd8 20. Qg6 Bg5 21.
Qh7+ Kf7 22. Bg6+ Ke7 23. Qxg7+ Rf7 24. Qxf7# 1-0

[Event "Bretagne jeunes 2009"]
[Site "?"]
[Date "2009.02.11"]
[Round "2.5"]
[White "Selo, Tony"]
[Black "Demellier, Antonin"]
[Result "1/2-1/2"]
[WhiteElo "1690"]
[BlackElo "1420"]
[PlyCount "135"]
[EventDate "2009.02.11"]
[SourceDate "2009.02.11"]

1. e4 e5 2. Nf3 Nc6 3. Bb5 Bc5 4. d3 Nf6 5. Bg5 O-O 6. O-O d6 7. Nc3 Bg4 8. h3
Bh5 9. Bc4 h6 10. Be3 Bxe3 11. fxe3 Qd7 12. Qd2 Na5 13. b3 c6 14. Ne2 Nxc4 15.
bxc4 a6 16. a4 Bxf3 17. Rxf3 d5 18. cxd5 cxd5 19. exd5 Qxd5 20. Rff1 Rac8 21.
Rfc1 Qc5 22. Kh1 Nd5 23. e4 Nb6 24. a5 Nd7 25. Rab1 b6 26. axb6 Nxb6 27. Qb4
Qxb4 28. Rxb4 Rc6 29. c4 Rd8 30. Rcb1 Nd7 31. Nc1 Nc5 32. Rb8 Rxb8 33. Rxb8+
Kh7 34. Rb4 Rd6 35. Kh2 Nxd3 36. Nxd3 Rxd3 37. Ra4 Rd4 38. Ra5 Rxc4 39. Rxe5 a5
40. Rxa5 Rxe4 41. Ra7 Kg6 42. Ra6+ Re6 43. Ra5 f5 44. Rd5 Kf6 45. Rd8 g5 46.
Rf8+ Kg6 47. Rg8+ Kf7 48. Rh8 Kg7 49. Rd8 Re4 50. Rd7+ Kg6 51. Rd6+ Kh5 52. Rd5
f4 53. Rf5 Kh4 54. Rf6 h5 55. Rg6 g4 56. hxg4 hxg4 57. Rh6+ Kg5 58. Rh8 Re6 59.
Rg8+ Rg6 60. Rf8 g3+ 61. Kg1 Rd6 62. Rg8+ Kh6 63. Kf1 Rd2 64. Rg4 Rd4 65. Ke2
Kh5 66. Rg8 Ra4 67. Kf3 Rb4 68. Rg7 1/2-1/2

[Event "Bretagne jeunes 2009"]
[Site "?"]
[Date "2009.02.11"]
[Round "3.7"]
[White "Demellier, Antonin"]
[Black "Deslias, Quentin"]
[Result "1-0"]
[WhiteElo "1420"]
[BlackElo "1420"]
[PlyCount "69"]
[EventDate "2009.02.11"]
[SourceDate "2009.02.11"]

1. e4 e5 2. Nf3 Nc6 3. d4 Nf6 4. Nc3 Bb4 5. a3 Ba5 6. b4 Bb6 7. Be3 exd4 8.
Nxd4 Nxd4 9. Bxd4 Bxd4 10. Qxd4 O-O 11. Bc4 Re8 12. O-O d6 13. Rad1 Bg4 14. Rd3
c6 15. Re1 b5 16. Bb3 Bh5 17. Qxd6 Qxd6 18. Rxd6 Bg6 19. f3 Rac8 20. g4 h5 21.
g5 Nh7 22. f4 h4 23. Rxg6 Kh8 24. Bxf7 Rf8 25. Be6 Rcd8 26. Bf5 Rd2 27. Rxc6
Rxc2 28. Rc5 Rg8 29. Bxh7 Kxh7 30. Nd5 Rxc5 31. bxc5 Rc8 32. Rc1 Rc6 33. Nb4
Re6 34. c6 Rxe4 35. c7 1-0

[Event "Bretagne jeunes 2009"]
[Site "?"]
[Date "2009.02.11"]
[Round "3.1"]
[White "Aubry, Milène"]
[Black "Le Du, Maëlle"]
[Result "1/2-1/2"]
[WhiteElo "1280"]
[BlackElo "1260"]
[PlyCount "66"]
[EventDate "2009.02.11"]
[SourceDate "2009.02.11"]

1. d4 d5 2. c4 Nf6 3. cxd5 Qxd5 4. Nf3 Nc6 5. Nc3 Qd8 6. Bg5 Bg4 7. e4 Nxd4 8.
Qxd4 Qxd4 9. Nxd4 h6 10. Bxf6 exf6 11. Ndb5 Bd6 12. Nd5 O-O 13. Nbxc7 Bxc7 14.
Nxc7 Rad8 15. Bc4 Rc8 16. f3 Rxc7 17. Bxf7+ Rfxf7 18. fxg4 Rc4 19. O-O Rxe4 20.
h3 Rfe7 21. Rad1 Kf7 22. Rd2 Re2 23. Rfd1 Rxd2 24. Rxd2 a6 25. a3 a5 26. b4 b6
27. h4 g5 28. h5 axb4 29. axb4 Re4 30. Rd7+ Re7 31. Rd5 Re5 32. Rd7+ Re7 33.
Rd5 Re5 1/2-1/2

[Event "Bretagne jeunes 2009"]
[Site "?"]
[Date "2009.02.11"]
[Round "3.1"]
[White "Siclet, Mathieu"]
[Black "Aubry, Yannis"]
[Result "1/2-1/2"]
[WhiteElo "1800"]
[BlackElo "1930"]
[PlyCount "49"]
[EventDate "2009.02.11"]
[SourceDate "2009.02.11"]

1. e4 c5 2. Nf3 Nc6 3. d4 cxd4 4. Nxd4 Nf6 5. Nc3 e5 6. Ndb5 d6 7. Bg5 a6 8.
Na3 b5 9. Bxf6 gxf6 10. Nd5 f5 11. c3 Bg7 12. exf5 Bxf5 13. Nc2 O-O 14. Nce3
Be6 15. Bd3 f5 16. Bc2 Rf7 17. Qh5 f4 18. Bxh7+ Kf8 19. Bf5 Qe8 20. Bxe6 Qxe6
21. Qg4 Qh6 22. Nf5 Qe6 23. Nfe3 Qh6 24. Nf5 Qe6 25. Nfe3 1/2-1/2

[Event "Bretagne jeunes 2009"]
[Site "?"]
[Date "2009.02.11"]
[Round "3.5"]
[White "Le Blaos, Damien"]
[Black "Ghafoury, Alexandre"]
[Result "1-0"]
[WhiteElo "1680"]
[BlackElo "1500"]
[PlyCount "73"]
[EventDate "2009.02.11"]
[SourceDate "2009.02.12"]

1. d4 c5 2. c3 d5 3. Nf3 Nf6 4. Bf4 Nc6 5. e3 Bg4 6. h3 Bh5 7. Nbd2 a6 8. Bd3
e6 9. O-O Be7 10. Re1 O-O 11. b3 Bd6 12. Bg5 e5 13. e4 Be7 14. exd5 Nxd5 15.
Bxe7 Qxe7 16. Qc2 Bg6 17. Nxe5 Bxd3 18. Nxd3 Qd6 19. Ne5 b6 20. Ne4 Qg6 21. Qd1
f5 22. c4 Nf4 23. Ng3 Nxd4 24. Nf3 Nxf3+ 25. Qxf3 Nxh3+ 26. gxh3 f4 27. Qd5+
Kh8 28. Re6 Rad8 29. Qe5 Rfe8 30. Rxg6 Rxe5 31. Rxb6 fxg3 32. fxg3 Ra8 33. Rd1
h6 34. Rd2 Re3 35. Kf2 Re5 36. Kf3 Rg5 37. Rbd6 1-0

[Event "Bretagne jeunes 2009"]
[Site "?"]
[Date "2009.02.12"]
[Round "1.6"]
[White "Franc, Jean-Arnaud"]
[Black "Miossec, Steve"]
[Result "0-1"]
[WhiteElo "1009"]
[BlackElo "1390"]
[PlyCount "63"]
[EventDate "2009.02.12"]
[SourceDate "2009.02.12"]

1. e4 e5 2. Nf3 Nc6 3. Bc4 Nf6 4. Ng5 d5 5. exd5 Nxd5 6. Nxf7 Kxf7 7. Qf3+ Ke8
8. Bxd5 Qd7 9. Bxc6 Qxc6 10. Qh5+ g6 11. Qxe5+ Kd7 12. Qxh8 Qxc2 13. Qxf8 Qxc1+
14. Ke2 Qxh1 15. Kf3 Qc1 16. Qf7+ Kd8 17. Qxh7 Qxb2 18. Qxg6 Qxa1 19. h4 Qxa2
20. Nc3 Qxd2 21. Ne4 Qd3+ 22. Kf4 b5 23. h5 b4 24. Qg7 b3 25. h6 Bb7 26. h7
Qxe4+ 27. Kg3 Qxg2+ 28. Kf4 Qxg7 29. h8=Q+ Qxh8 30. Ke3 b2 31. Kf4 b1=Q 32. f3
0-1

[Event "Bretagne jeunes 2009"]
[Site "?"]
[Date "2009.02.12"]
[Round "1.5"]
[White "Gac, Simon"]
[Black "Charpentier, François"]
[Result "1-0"]
[WhiteElo "1450"]
[BlackElo "1150"]
[PlyCount "79"]
[EventDate "2009.02.12"]
[SourceDate "2009.02.12"]

1. d4 d5 2. c4 Nc6 3. Nc3 Bf5 4. cxd5 Nb4 5. Qa4+ c6 6. Qxb4 cxd5 7. Qxb7 Qb8
8. Qxd5 Nf6 9. Qxf5 e6 10. Qb5+ Qxb5 11. Nxb5 Bb4+ 12. Bd2 Ne4 13. Bxb4 Rb8 14.
e3 a6 15. Nc7+ Kd8 16. Ba5 f5 17. Nxa6+ Kc8 18. Rc1+ Kb7 19. Rc7+ Ka8 20. Rxg7
Rxb2 21. Nc7+ Kb8 22. Na6+ Ka8 23. Bd3 Nf6 24. Nf3 Rg8 25. Rxg8+ Nxg8 26. O-O
Rxa2 27. Bc3 Nf6 28. Ng5 Ra3 29. Rc1 Nd5 30. Nxe6 Nxc3 31. Rf1 h5 32. Nec7+ Kb7
33. Nb5 Kxa6 34. Nxc3+ Ka5 35. Bxf5 Kb4 36. Nd5+ Ka5 37. Rb1 Ka4 38. Nb6+ Ka5
39. Nc4+ Ka4 40. Bd7# 1-0

[Event "Bretagne jeunes 2009"]
[Site "?"]
[Date "2009.02.12"]
[Round "1.8"]
[White "Rousse, Célia"]
[Black "Seite, Yamina"]
[Result "0-1"]
[WhiteElo "1009"]
[BlackElo "1009"]
[Annotator ",paubry"]
[PlyCount "45"]
[EventDate "2009.02.12"]
[SourceDate "2009.02.12"]

1. e4 e5 2. Nf3 Nc6 3. Bd3 Nf6 4. O-O Bc5 5. a4 O-O 6. Ra3 d6 (6... Bxa3) 7.
Nc3 Bg4 8. Qe2 Qe7 9. Nb5 Na5 10. Re1 b6 11. Rb3 Nxb3 12. cxb3 Rad8 13. b4 Bxb4
14. b3 Rfe8 15. Na3 Bxf3 16. gxf3 a5 17. Bb5 c6 18. Bxc6 Rf8 19. d3 Rc8 20. Bd5
Nxd5 21. exd5 Rc5 22. Bd2 Bxd2 23. Qxd2 0-1

[Event "Bretagne jeunes 2009"]
[Site "?"]
[Date "2009.02.12"]
[Round "4.5"]
[White "Binard, Vianney"]
[Black "Demellier, Antonin"]
[Result "1/2-1/2"]
[WhiteElo "1690"]
[BlackElo "1420"]
[PlyCount "111"]
[EventDate "2009.02.12"]
[SourceDate "2009.02.12"]

1. e4 e5 2. Nf3 Nc6 3. Bb5 Bc5 4. O-O Nf6 5. Re1 O-O 6. c3 d6 7. d4 exd4 8.
cxd4 Bb4 9. Bd2 Bxd2 10. Nbxd2 Re8 11. d5 a6 12. Ba4 b5 13. Bb3 Ne5 (13... Na5
14. Bc2 c6 15. b4 Nb7 16. dxc6) 14. Nxe5 Rxe5 15. f4 Re8 16. Qf3 (16. e5 dxe5)
16... Bb7 17. Rac1 Qd7 18. Qc3 Rac8 19. Qd3 c6 20. dxc6 Bxc6 21. Rcd1 Qg4 22.
Qf3 Qxf3 23. gxf3 Rcd8 24. Kf2 d5 25. e5 Nh5 26. f5 Nf4 27. Nf1 Nh3+ 28. Kg3
Ng5 29. h4 Nxf3 30. Kxf3 d4+ 31. Kf4 Kf8 32. e6 fxe6 (32... f6) 33. fxe6 d3 34.
Rd2 Rd4+ 35. Kg3 Ke7 36. Ne3 g6 37. Ng4 Rf8 38. Ne5 Bb7 39. Rxd3 Rxd3+ 40. Nxd3
Rf3+ 41. Kg4 Rxd3 42. Rf1 Bd5 43. Rf7+ Kxe6 44. Bxd5+ Rxd5 45. Rxh7 b4 46. Rb7
a5 47. Rb6+ Kf7 48. a3 bxa3 49. bxa3 Kg7 (49... Rd3 50. Rxg6 (50. Kg5 Rxa3 51.
Rxg6 Rg3+) 50... Rxa3 51. h5) 50. Rb7+ Kf6 51. Rb6+ Kg7 52. Rb3 Rd4+ 53. Kg3 a4
54. Rc3 Kf6 55. Rc6+ Kg7 56. Rc3 1/2-1/2

[Event "Bretagne jeunes 2009"]
[Site "?"]
[Date "2009.02.12"]
[Round "4.1"]
[White "Aubry, Yannis"]
[Black "Geffroy, Léo"]
[Result "1-0"]
[WhiteElo "1930"]
[BlackElo "1634"]
[PlyCount "127"]
[EventDate "2009.02.12"]
[SourceDate "2009.02.12"]

1. e4 c5 2. Nc3 Nc6 3. f4 e6 4. Nf3 d5 5. d3 dxe4 6. dxe4 Qxd1+ 7. Kxd1 a6 8.
Be3 Nf6 9. a4 b6 10. h3 h5 11. Bc4 Bb7 12. Nd2 O-O-O 13. Ke2 Be7 14. Bd3 h4 15.
Nc4 Kc7 16. Rhb1 Nd4+ 17. Kf2 Nh5 18. Ne5 Rhf8 19. Nc4 f6 20. b4 cxb4 21. Ne2
Bc5 22. Nxd4 Bxd4 23. Bxd4 Rxd4 24. Ke3 Rfd8 25. Nd2 f5 26. Nf3 R4d6 27. Rxb4
Ng3 28. e5 R6d7 29. Nxh4 a5 30. Rc4+ Kb8 31. Nf3 Ne4 32. Bxe4 Bxe4 33. Rb1 Kb7
34. Ng5 Re8 35. Nxe4 fxe4 36. Rxe4 Rc8 37. Rb2 Rc3+ 38. Kf2 Rd2+ 39. Re2 Rxe2+
40. Kxe2 Rc4 41. Kf3 Rxa4 42. g4 Rc4 43. f5 Rc6 44. f6 g5 45. h4 Rc3+ 46. Kg2
Rc4 47. h5 Rxg4+ 48. Kh3 Rh4+ 49. Kg3 Rxh5 50. Kg4 Rh2 51. Kxg5 Rg2+ 52. Kh6
Kc7 53. f7 Rh2+ 54. Kg7 Rg2+ 55. Kf6 Kd7 56. f8=Q Rf2+ 57. Kg7 Rxf8 58. Kxf8
Kc7 59. Ke7 a4 60. Kxe6 b5 61. Kf7 a3 62. Rb3 b4 63. Rxb4 a2 64. Ra4 1-0

[Event "Bretagne jeunes 2009"]
[Site "?"]
[Date "2009.02.12"]
[Round "2.6"]
[White "Charpentier, François"]
[Black "Perron, Gaël"]
[Result "1-0"]
[WhiteElo "1150"]
[BlackElo "1160"]
[Annotator ",paubry"]
[PlyCount "28"]
[EventDate "2009.02.12"]
[SourceDate "2009.02.12"]

1. e4 e5 2. Nf3 Nc6 3. Bc4 Nf6 4. Ng5 d5 5. exd5 Nxd5 6. Bxd5 (6. Nxf7 Kxf7 7.
Qf3+ Ke8 8. Bxd5) 6... Qxd5 7. Nc3 Qd4 8. Nb5 Qd7 9. O-O Be7 10. Nf3 a6 11. Nc3
Qd6 12. Ne4 Qg6 13. d3 Bh3 14. c4 Qxg2# 1-0

[Event "Bretagne jeunes 2009"]
[Site "?"]
[Date "2009.02.12"]
[Round "2.5"]
[White "Dodart, Guillaume"]
[Black "Franc, Jean-Arnaud"]
[Result "1-0"]
[WhiteElo "1170"]
[BlackElo "1009"]
[PlyCount "31"]
[EventDate "2009.02.11"]
[SourceDate "2009.02.12"]

1. e4 e5 2. f4 exf4 3. Nf3 Nc6 4. d4 Bb4+ 5. Nc3 Nf6 6. Bxf4 Bxc3+ 7. bxc3 h6
8. d5 Na5 9. e5 Nh5 10. Qd2 g5 11. c4 Nxc4 12. Bxc4 gxf4 13. g4 Ng7 14. Qxf4 a6
15. d6 cxd6 16. Qxf7# 1-0

[Event "Bretagne jeunes 2009"]
[Site "?"]
[Date "2009.02.12"]
[Round "4.6"]
[White "Ghafoury, Alexandre"]
[Black "Le Quillec, Nicolas"]
[Result "0-1"]
[WhiteElo "1500"]
[BlackElo "1730"]
[PlyCount "104"]
[EventDate "2009.02.12"]
[SourceDate "2009.02.12"]

1. e4 d5 2. exd5 Qxd5 3. Nc3 Qa5 4. d4 c6 5. Nf3 Nf6 6. Be2 Bf5 7. O-O Qc7 8.
Re1 e6 9. a3 Bd6 10. Bd3 Bg4 11. h3 Bxf3 12. Qxf3 O-O 13. Ne4 Nbd7 14. Bd2 Be7
15. Nxf6+ Bxf6 16. Qe4 g6 17. Qf3 Bxd4 18. c3 Bg7 19. Bf4 e5 20. Be3 f5 21.
Bc4+ Kh8 22. Qd1 Rad8 23. Qc2 Nb6 24. Bb3 Nd5 25. Bg5 Rd7 26. Rad1 h6 27. Bd2
Rfd8 28. c4 Nf6 29. Bc3 Rxd1 30. Rxd1 Ne4 31. f3 Rxd1+ 32. Qxd1 Nxc3 33. bxc3
e4 34. fxe4 fxe4 35. Qg4 Qb6+ 36. c5 Qxb3 37. Qxg6 Qd1+ 38. Kh2 Be5+ 39. g3
Qe2+ 40. Kh1 Qf1+ 41. Kh2 Qf2+ 42. Kh1 Bxg3 43. Qxh6+ Kg8 44. Qe6+ Kh7 45. Qf5+
Kh6 46. Qe6+ Kg5 47. Qe7+ Kf4 48. Qf8+ Ke3 49. Qh6+ Bf4 50. Qxf4+ Kxf4 51. c4
Kf3 52. h4 Qg2# 0-1

[Event "Bretagne jeunes 2009"]
[Site "?"]
[Date "2009.02.12"]
[Round "2.3"]
[White "Menage, Mickaella"]
[Black "Seite, Yamina"]
[Result "1-0"]
[WhiteElo "1190"]
[BlackElo "1009"]
[PlyCount "63"]
[EventDate "2009.??.??"]

1. e4 e5 2. Nf3 Nc6 3. Nc3 Nf6 4. b3 Bc5 5. Bd3 O-O 6. O-O d6 7. Ne1 Bg4 8. Be2
Qd7 9. Bxg4 Nxg4 10. h3 Nh6 11. Qe2 Rfe8 12. d3 Qe7 13. Nd1 Rad8 14. a3 Qe6 15.
Bg5 Rd7 16. Ne3 Qg6 17. h4 Nd4 18. Qd2 b6 19. c3 Nxb3 20. Qb2 Nxa1 21. Qxa1 a5
22. Bxh6 Qxh6 23. Nf5 Qf6 24. Qb1 Re6 25. g4 Qg6 26. g5 Qh5 27. Qb5 Rd8 28. Qa6
Qg4+ 29. Ng3 Qxh4 30. Qb7 Rd7 31. Qb8+ Re8 32. Qxe8# 1-0

[Event "Bretagne jeunes 2009"]
[Site "?"]
[Date "2009.02.12"]
[Round "5.1"]
[White "Le Bloas, Damien"]
[Black "Aubry, Yannis"]
[Result "0-1"]
[WhiteElo "1680"]
[BlackElo "1930"]
[PlyCount "54"]
[EventDate "2009.02.12"]
[SourceDate "2009.02.12"]

1. d4 Nf6 2. c4 g6 3. Nc3 Bg7 4. e4 d6 5. Bd3 e5 6. Nf3 O-O 7. Be3 Nc6 8. Qd2
Ng4 9. d5 Nxe3 10. Qxe3 Nd4 11. h3 a6 12. O-O-O Bd7 13. Rdg1 b5 14. Nd2 f5 15.
g4 f4 16. Qe1 Bf6 17. f3 Bh4 18. Qf1 c6 19. Qg2 g5 20. Qf1 Qa5 21. a3 b4 22.
dxc6 bxc3 23. Nb1 cxb2+ 24. Kxb2 Rab8+ 25. Ka2 Bxc6 26. Be2 Ba4 27. Nc3 Qxc3
0-1

[Event "Bretagne jeunes 2009"]
[Site "?"]
[Date "2009.02.12"]
[Round "3.6"]
[White "Franc, Jean-Arnaud"]
[Black "Le Cozic, Tristan"]
[Result "0-1"]
[WhiteElo "1009"]
[BlackElo "1009"]
[PlyCount "112"]
[EventDate "2009.??.??"]

1. f4 Nc6 2. Nf3 Nf6 3. Nc3 d5 4. e3 Ne4 5. Na4 Bf5 6. h3 Ng3 7. Rg1 Nxf1 8.
Rxf1 b5 9. Nc5 Qd6 10. d4 Be4 11. Nb7 Qd7 12. Ng5 h6 13. Nxe4 dxe4 14. Nc5 Qd5
15. h4 f6 16. h5 Kf7 17. Rg1 e6 18. g4 Bxc5 19. g5 Bb4+ 20. c3 Ba5 21. g6+ Kf8
22. b4 Bb6 23. Qc2 a5 24. bxa5 Bxa5 25. Ba3+ Ke8 26. Rf1 Qc4 27. d5 exd5 28.
Kf2 Qxc3 29. Qxc3 Bxc3 30. Rac1 Bd2 31. Rcd1 Bb4 32. Bxb4 Nxb4 33. a3 Rxa3 34.
Rc1 Kd7 35. Rc5 c6 36. Rg1 Nd3+ 37. Ke2 Nxc5 38. f5 Ra2+ 39. Kf1 Rha8 40. Rg2
Ke7 41. Rxa2 Rxa2 42. Ke1 Kd6 43. Kd1 Ke5 44. Kc1 Kxf5 45. Kb1 Rh2 46. Kc1 Kg5
47. Kd1 Kxh5 48. Ke1 Kxg6 49. Kf1 Kf5 50. Kg1 Ra2 51. Kh1 Kg4 52. Kg1 h5 53.
Kh1 b4 54. Kg1 b3 55. Kf1 b2 56. Kf2 b1=Q# 0-1

[Event "Bretagne jeunes 2009"]
[Site "?"]
[Date "2009.02.12"]
[Round "3.7"]
[White "Seite, Yamina"]
[Black "Le Cru, Emma"]
[Result "1-0"]
[WhiteElo "1009"]
[BlackElo "1009"]
[PlyCount "75"]
[EventDate "2009.02.12"]
[SourceDate "2009.02.12"]

1. e4 e5 2. Nf3 Nc6 3. Nc3 Nf6 4. Bc4 d6 5. O-O Bg4 6. d3 Bxf3 7. Qxf3 Nb4 8.
Bg5 Be7 9. Rad1 O-O 10. Qh5 Nxh5 11. Bxe7 Qxe7 12. h3 Nf4 13. Rfe1 Qh4 14. a3
Nxc2 15. Re3 Nxe3 16. fxe3 Nh5 17. d4 exd4 18. exd4 Ng3 19. Kh2 Qf4 20. d5
Nxe4+ 21. Kh1 Rfe8 22. b4 Re7 23. Be2 Ng3+ 24. Kg1 Nxe2+ 25. Nxe2 Qe4 26. Re1
Qxd5 27. Nf4 Qb3 28. Rxe7 Qxa3 29. Rxc7 Qxb4 30. g4 Rb8 31. Rc1 Re8 32. Nd3 Qd2
33. Rf1 Qxd3 34. Ra1 Re2 35. Rxa7 Qd4+ 36. Kf1 b5 37. Rb7 Rb2 38. Rb8# 1-0

[Event "Bretagne jeunes 2009"]
[Site "?"]
[Date "2009.02.12"]
[Round "5.4"]
[White "Cheung, Teva"]
[Black "Demellier, Antonin"]
[Result "1/2-1/2"]
[WhiteElo "1740"]
[BlackElo "1420"]
[PlyCount "29"]
[EventDate "2009.02.12"]
[SourceDate "2009.02.12"]

1. e4 e5 2. Nf3 Nc6 3. d4 exd4 4. Nxd4 d5 5. Nc3 Nf6 6. exd5 Nxd5 7. Nxc6 bxc6
8. Be2 Bb4 9. Bd2 Nxc3 10. bxc3 Bc5 11. O-O O-O 12. Bd3 g6 13. Qf3 Qd5 14. Qf6
Qe6 15. Qf3 1/2-1/2

[Event "Bretagne jeunes 2009"]
[Site "?"]
[Date "2009.02.13"]
[Round "6.2"]
[White "Aubry, Milène"]
[Black "Elodie, Keraudran"]
[Result "1-0"]
[WhiteElo "1280"]
[BlackElo "1370"]
[PlyCount "63"]
[EventDate "2009.??.??"]

1. d4 d5 2. c4 Nf6 3. cxd5 Nxd5 4. e4 Nb6 5. Bf4 e6 6. Nf3 Bb4+ 7. Nc3 Na4 8.
Qxa4+ Nc6 9. Bb5 Bxc3+ 10. bxc3 Bd7 11. Ne5 O-O 12. Nxc6 Bxc6 13. Bxc6 bxc6 14.
Qxc6 Rb8 15. Bxc7 Qg5 16. Bxb8 Qxg2 17. O-O-O Qg5+ 18. Kb1 Rxb8+ 19. Ka1 Qa5
20. Rb1 Qd8 21. d5 Rc8 22. Qb5 Qc7 23. Rbc1 Rb8 24. Qc6 Qe7 25. dxe6 Qa3 26.
Rb1 Qf8 27. Rxb8 Qxb8 28. Rb1 Qf8 29. exf7+ Qxf7 30. Rb8+ Qf8 31. Qe6+ Kh8 32.
Rxf8# 1-0

[Event "Bretagne jeunes 2009"]
[Site "?"]
[Date "2009.02.13"]
[Round "5.6"]
[White "Seïté, Yamina"]
[Black "Charlony, Alexia"]
[Result "0-1"]
[WhiteElo "1009"]
[BlackElo "1009"]
[PlyCount "154"]
[EventDate "2009.02.13"]
[SourceDate "2009.02.13"]

1. e4 e5 2. Nf3 Nc6 3. Nc3 Bc5 4. Bc4 Nf6 5. O-O O-O 6. d3 h6 7. Bd2 d6 8. Qe2
Bg4 9. h3 Bh5 10. Rad1 a6 11. Rfe1 Qd7 12. Nd5 Nxd5 13. Bxd5 Nd8 14. Be3 Bb4
15. c3 Ba5 16. b4 Bb6 17. Bxb6 cxb6 18. Qe3 a5 19. Ra1 axb4 20. cxb4 Qb5 21.
Qd2 Bxf3 22. Re3 Bxg2 23. Kxg2 Qd7 24. Kf1 Nc6 25. b5 Nd4 26. Qb2 Nxb5 27. Rf3
Nd4 28. Rg3 Ra6 29. Bc4 Qe7 30. Bxa6 bxa6 31. Qxb6 Nc2 32. Rb1 Ne3+ 33. Rxe3
Qe6 34. Qxa6 Qd7 35. Rb7 Qe8 36. a4 Kh7 37. d4 exd4 38. Rd3 Qc8 39. Rd1 Qxh3+
40. Ke2 d3+ 41. Rxd3 Qh5+ 42. Ke3 Qh3+ 43. f3 Qc8 44. Rxd6 Qc5+ 45. Rd4 Qc3+
46. Rd3 Qc1+ 47. Rd2 Qc3+ 48. Ke2 Qc8 49. Qd3 Qxb7 50. e5+ Kg8 51. a5 Qc7 52.
Qd5 Qe7 53. Rd4 Qe8 54. f4 Qb8 55. Ke3 Qe8 56. a6 Qb8 57. e6 Qe8 58. a7 h5 59.
Kf3 h4 60. Kg2 h3+ 61. Kxh3 Kh7 62. Qh5+ Kg8 63. exf7+ Rxf7 64. f5 Qe3+ 65. Kg4
Qxd4+ 66. Kf3 Qd5+ 67. Kg4 Rxa7 68. Qe8+ Kh7 69. Qg6+ Kg8 70. Qb6 Qe4+ 71. Kg5
Qe7+ 72. Kh5 Rb7 73. Qg6 Qe2+ 74. Kh4 Qf2+ 75. Kh3 Rb3+ 76. Kg4 Rg3+ 77. Kh5
Qh2# 0-1

[Event "Bretagne jeunes 2009"]
[Site "?"]
[Date "2009.02.13"]
[Round "6.5"]
[White "Demellier, Antonin"]
[Black "Gac, Benjamin"]
[Result "0-1"]
[WhiteElo "1420"]
[BlackElo "1570"]
[PlyCount "94"]
[EventDate "2009.02.13"]
[SourceDate "2009.02.13"]

1. e4 e6 2. d4 d5 3. e5 c5 4. c3 Nc6 5. Nf3 Qb6 6. Bd3 Bd7 7. O-O cxd4 8. cxd4
Nxd4 9. Nxd4 Qxd4 10. Nc3 Qxe5 11. Re1 Qd6 12. Qf3 Be7 13. Bf4 Qb6 14. Qg4 Kf8
15. Be5 Bf6 16. Qg3 Bxe5 17. Qxe5 Ne7 18. Rad1 Re8 19. Bc4 Bc6 20. Bb3 Qd8 21.
Re3 Ng6 22. Qd4 Qg5 23. Rde1 Ne7 24. Rg3 Nf5 25. Qc5+ Qe7 26. Qxe7+ Rxe7 27.
Rd3 g6 28. g4 Nd6 29. Rd2 Nb5 30. Nxb5 Bxb5 31. Rc1 Kg7 32. Kg2 Ree8 33. Rc7
Bc6 34. Kg3 Rc8 35. Rxc8 Rxc8 36. Kf4 Bb5 37. g5 Bc4 38. Bxc4 Rxc4+ 39. Ke5 Rg4
40. f4 Rg1 41. Rc2 Re1+ 42. Kd6 Re4 43. Kc7 Rb4 44. a3 Rb6 45. h4 Rc6+ 46. Rxc6
bxc6 47. Kxc6 d4 0-1